<?xml version="1.0" encoding="UTF-8"?>
<marc:record xmlns:marc="http://www.loc.gov/MARC21/slim">
   <marc:leader>00000nam a2200000 a 4500</marc:leader>
   <marc:datafield ind1="1" ind2=" " tag="100">
      <marc:subfield code="a">Burger, Doris</marc:subfield>
      <marc:subfield code="4">aut</marc:subfield>
      <marc:subfield code="e">Verfasser/-in</marc:subfield>
   </marc:datafield>
   <marc:datafield ind1=" " ind2=" " tag="653">
      <marc:subfield code="a">Rauchen</marc:subfield>
   </marc:datafield>
   <marc:datafield ind1=" " ind2=" " tag="653">
      <marc:subfield code="a">Raucherentwöhnung</marc:subfield>
   </marc:datafield>
   <marc:datafield ind1=" " ind2=" " tag="653">
      <marc:subfield code="a">Ratgeber</marc:subfield>
   </marc:datafield>
   <marc:datafield ind1="0" ind2="0" tag="245">
      <marc:subfield code="a">Schlank und glücklich als Nichtraucher</marc:subfield>
   </marc:datafield>
   <marc:datafield ind1="0" ind2="0" tag="245">
      <marc:subfield code="b">Aufhören, durchhalten, frei sein</marc:subfield>
   </marc:datafield>
   <marc:datafield ind1=" " ind2="1" tag="264">
      <marc:subfield code="a">Augsburg</marc:subfield>
      <marc:subfield code="b">Weltbild</marc:subfield>
      <marc:subfield code="c">1997</marc:subfield>
   </marc:datafield>
   <marc:datafield ind1="1" ind2=" " tag="520">
      <marc:subfield code="a">Ein langfristig ausgerichtetes Ausstiegsprogramm für alle Austiegswilligen. Als Nichtraucherin versucht die Autorin in ihrem Mutmachbuch alle diejenigen vom Aufhören zu überzeugen, die es bislang noch nicht geschafft haben.#Aus eigener Erfahrung Nichtraucherin, versucht die Autorin in ihrem Mutmachbuch alle diejenigen vom Aufhören zu überzeugen, die den Dreh immer noch nicht gefunden haben. Klar gegliedert in 3 Abschnitte: die Durststrecke der ersten 6 Tage; die mittlere Phase vom 7.-90. Tag sowie die "Langstrecke" ab dem 3. Monat, wird hier ein abendfüllendes Programm an Tips, kleinen Hilfen, Sachinformationen sowie Ausstiegs-Szenarien von befragten Zeitgenossen aufgetischt - natürlich auch mit Vorschlägen zur geistigen und körperlichen Fitness, einschließlich Ernährungstips. Ein fundiertes Ausstiegsprogramm ohne Ideologie und Krampf. Breit empfohlen, auch neben anderen neuen Ratgebern, wie zuletzt A. Carr (BA 11/97). (2)#Quelle: EKZ  ( Systematik: VG )</marc:subfield>
   </marc:datafield>
   <marc:datafield ind1=" " ind2=" " tag="020">
      <marc:subfield code="a">9783896043696</marc:subfield>
      <marc:subfield code="9">9783896043696</marc:subfield>
   </marc:datafield>
   <marc:datafield ind1=" " ind2=" " tag="041">
      <marc:subfield code="a">ger</marc:subfield>
   </marc:datafield>
   <marc:datafield ind1=" " ind2=" " tag="300">
      <marc:subfield code="a">160 S.</marc:subfield>
   </marc:datafield>
</marc:record>
